Prentice Hall science explorer : Inside earth
This books consists of the following five chapters: plate tectonics, earthquakes, volcanoes, minerals, rocks.
Shranjeno v:
| Format: | Knjiga |
|---|---|
| Jezik: | Undetermined |
| Izdano: |
Boston, MA.
Pearson Prentice-Hall
2005
|
| Teme: | |
| Oznake: |
Označite
Brez oznak, prvi označite!
|
| Thư viện lưu trữ: | Trung tâm Học liệu Trường Đại học Cần Thơ |
|---|
| LEADER | 00694nam a2200205Ia 4500 | ||
|---|---|---|---|
| 001 | CTU_113065 | ||
| 008 | 210402s9999 xx 000 0 und d | ||
| 020 | |c 493000 | ||
| 082 | |a 507.8 | ||
| 082 | |b P927 | ||
| 245 | 0 | |a Prentice Hall science explorer : | |
| 245 | 0 | |b Inside earth | |
| 260 | |a Boston, MA. | ||
| 260 | |b Pearson Prentice-Hall | ||
| 260 | |c 2005 | ||
| 520 | |a This books consists of the following five chapters: plate tectonics, earthquakes, volcanoes, minerals, rocks. | ||
| 650 | |a Science,Scientific recreations,Science museums | ||
| 650 | |x Experiments,Juvenile literature,Educational aspects | ||
| 904 | |i Minh | ||
| 980 | |a Trung tâm Học liệu Trường Đại học Cần Thơ | ||